01306nam a2200337Ia 4500001000700000008004100007020001800048035001400066041000800080084001300088100003400101245010000135260009200235300002200327490005200349650002900401650003000430650002100460650001600481650002800497650003900525710008500564901000600649903000700655904000800662953009400670999001300764910000900777942001500786952016700801004776221003s1996 xx 000 0 spa d a84-7434-918-4 aCENDO_925 aspa aCD-01354 aVALDES DAL-RE, Fernando91891 0aRelaciones laborales, negociación colectiva y pluralismo social /cFernando Valdés Dal-Ré aMadrid :bMinisterio de Trabajo y Seguridad Social, Centro de Publicaciones,cD.L. 1996 a584 p. ;c 22 cm aInformes y estudioslRelaciones Laborales ;v16 aRELACIONES LABORALES954 0aNEGOCIACION COLECTIVA974 aLEGISLACION9111 aESPAÑA99 0aCONVENIO COLECTIVO9297 aINDUSTRIA DE LA CONSTRUCCION91153 aESPAÑAbMinisterio de Trabajo y Seguridad SocialbCentro de Publicaciones9582 a1 aNO a000 d1996-12-05yMONOGRAFIAeDonación del Ministerio de Trabajo y Seguridad SocialoCD-01354 c924d924 a1996 cMONOGRAFIA 00104070aCENDObCENDOd1996-12-05eDonación del Ministerio de Trabajo y Seguridad Sociall0oCD-01354pCENDO_925r2022-10-05 00:00:00w2022-10-05yMONOGRAFIA